Cantate sacre di J.S. Bach (Le) 9 (Record n. 98944)

Dettagli MARC
000 -LEADER
fixed length control field 01258njm a2200313Ia 4500
001 - CONTROL NUMBER
control field 26638
003 - CONTROL NUMBER IDENTIFIER
control field IT-RoPAU
005 - DATE AND TIME OF LATEST TRANSACTION
control field 20220918181110.0
008 - FIXED-LENGTH DATA ELEMENTS--GENERAL INFORMATION
fixed length control field 131025s9999 xx 000 0 und d
040 ## - CATALOGING SOURCE
Original cataloging agency IT-RoPAU
040 ## - CATALOGING SOURCE
Transcribing agency IT-RoPAU
041 ## - LANGUAGE CODE
Language code of text/sound track or separate title ITAL/TED
999 ## - SYSTEM CONTROL NUMBERS (KOHA)
Koha Dewey Subclass [OBSOLETE] SI
100 ## - MAIN ENTRY--PERSONAL NAME
Personal name Bach Johann Sebastian
9 (RLIN) 15998
100 ## - MAIN ENTRY--PERSONAL NAME
Relator term Autore musica
9 (RLIN) 15999
100 ## - MAIN ENTRY--PERSONAL NAME
Miscellaneous information Codice autore musica SPICS: 9695
9 (RLIN) 16000
245 ## - TITLE STATEMENT
Title Cantate sacre di J.S. Bach (Le) 9
250 ## - EDITION STATEMENT
Edition statement 1a ed.
260 ## - PUBLICATION, DISTRIBUTION, ETC. (IMPRINT)
Place of publication, distribution, etc. ROMA
260 ## - PUBLICATION, DISTRIBUTION, ETC. (IMPRINT)
Name of publisher, distributor, etc. SPICS RECORDS
Date of publication, distribution, etc. 1984 [1a Ed.:1984 - Ed. Lingua Orig.: 1984]
300 ## - PHYSICAL DESCRIPTION
Extent MUSICASSETTA
300 ## - PHYSICAL DESCRIPTION
Dimensions 90 minuti (Testo: pag.)
500 ## - GENERAL NOTE
General note Musica sacra
505 ## - FORMATTED CONTENTS NOTE
Formatted contents note Cantata BWV 065 Sie Werden Aus Saba alle Konnen. - Cantata BWV 123 Liebster Immanuel, Herzog Der Frommen. - Cantata BWV 248 VI Herr, Wenn Die Stolzen Feinde Schnauben - Cantata BWV 032 Liebster Jesu, Mein Verlangen. - Cantata BWV 124 Meinen Jesum Lass Ich Nicht. - Cantata BWV 058 Ach Gott, Wie Manches Herze Leid.
650 ## - SUBJECT ADDED ENTRY--TOPICAL TERM
Topical term or geographic name as entry element MUSICA SACRA [CASSETTE]
Relator term Codice MATERIA SPICS: 9951
9 (RLIN) 16001
700 ## - ADDED ENTRY--PERSONAL NAME
Personal name Basso Alberto
Relator term Interprete
Miscellaneous information Codice interprete SPICS: 9484
9 (RLIN) 16002
700 ## - ADDED ENTRY--PERSONAL NAME
Personal name Basso Alberto
Miscellaneous information Codice autore SPICS: 9484
Relator term Autore
9 (RLIN) 16003
942 ## - ADDED ENTRY ELEMENTS (KOHA)
Koha item type MUSICASSETTE
Source of classification or shelving scheme Dewey Decimal Classification
Dati di copia
Withdrawn status Lost status Damaged status Not for loan Home library Current library Date acquired Total Checkouts Full call number Date last seen Price effective from Koha item type Public note
    Buone Condizioni Not For Loan SPICS-MEDIATECA SPICS-MEDIATECA 25/10/2013   26638 25/10/2013 25/10/2013 MUSICASSETTE Progr. Ins.: 6197 / N.Vol.: 1 / Copie: 1 - Copia rara: SI / date import: 01.01.2014 - By Epidotti, Trombetti, Vaglietti
CREDITS: SOCIETA' SAN PAOLO Via A.Severo, 58 - ROMA (RM) & PERIODICI SAN PAOLO SRL Via Giotto, 36 MILANO & CISF Via Giotto, 36 MILANO & EDIZIONI SAN PAOLO SRL,  Piazza Soncino, 5 CINISELLO BALSAMO (MI) -- ITALY